| 000 | 00585cas a22001815a 4500 | ||
|---|---|---|---|
| 001 | L138751 | ||
| 008 | 070709d20012001xxkzr p 0 a0eng u | ||
| 035 | _a(Sirsi) u138751 | ||
| 041 | 0 | _aeng | |
| 110 | 2 |
_aRoyal Institution of Chartered Surveyors _bSouth Wales Branch _95258 |
|
| 245 | 0 | 0 |
_aSurveyor _bRoyal Institution of Chartered Surveyors South Wales Branch |
| 260 |
_aCardiff _bRICS _c199-?]-2001 |
||
| 362 | 0 | _a(32) [1999]-(37) November 2000 | |
| 554 | _aUnknown | ||
| 651 | 4 |
_aWales _y1998-2007 |
|
| 690 | _aMANAGEMENT-BUSINESS MANAGEMENT-PROFESSIONAL PRACTICE | ||
| 942 | _n0 | ||
| 999 |
_c119021 _d119021 |
||